The Bride of Frankenstein doesn't bake cookies / (Record no. 1106)

MARC details
000 -LEADER
fixed length control field 01239cam a22003133a 4500
005 - DATE AND TIME OF LATEST TRANSACTION
control field 20230831094803.0
020 ## - INTERNATIONAL STANDARD BOOK NUMBER
International Standard Book Number 078073003990
040 ## - CATALOGING SOURCE
Original cataloging agency DF9
Transcribing agency DF9
Modifying agency OHI
-- OCL
-- DLC
Language of cataloging eng
050 00 - LIBRARY OF CONGRESS CALL NUMBER
Classification number PZ7.D128
082 ## - DEWEY DECIMAL CLASSIFICATION NUMBER
Classification number Fic
100 1# - MAIN ENTRY--PERSONAL NAME
Personal name Dadey, Debbie.
245 14 - TITLE STATEMENT
Title The Bride of Frankenstein doesn't bake cookies /
Statement of responsibility, etc. by Debbie Dadey and Marcia Thornton Jones ; illustrated by John Steven Gurney.
260 ## - PUBLICATION, DISTRIBUTION, ETC.
Place of publication, distribution, etc. New York :
Name of publisher, distributor, etc. Scholastic,
Date of publication, distribution, etc. 2000.
300 ## - PHYSICAL DESCRIPTION
Extent 75 pages :
Other physical details illustrations
Dimensions 20 cm
490 1# - SERIES STATEMENT
Series statement Adventures of the Bailey School kids ;
Volume/sequential designation Book 41
500 ## - GENERAL NOTE
General note "Little Apple paperback"--T.p.
505 ## - FORMATTED CONTENTS NOTE
Formatted contents note Q <br/>
520 ## - SUMMARY, ETC.
Summary, etc. "There are some pretty weird grown-ups living in Bailey City. But is the strange new cookie chef at the ice rink really the Bride of Frankenstein? The Bailey School kids are going to find out!"--Cover.
521 0# - TARGET AUDIENCE NOTE
Target audience note 660 <br/>
Source Lexile <br/>
521 1# - TARGET AUDIENCE NOTE
Target audience note Q <br/>
Source Raz-Plus <br/>
650 #0 - SUBJECT ADDED ENTRY--TOPICAL TERM
Topical term or geographic name entry element Bailey School kids (Fictitious characters)
Form subdivision Juvenile fiction.
650 #0 - SUBJECT ADDED ENTRY--TOPICAL TERM
Topical term or geographic name entry element School
Form subdivision Juvenile fiction.
655 #7 - INDEX TERM--GENRE/FORM
Genre/form data or focus term Children's stories.
Source of term lcsh
700 1# - ADDED ENTRY--PERSONAL NAME
Personal name Jones, Marcia Thornton.
700 1# - ADDED ENTRY--PERSONAL NAME
Personal name Gurney, John Steven,
Dates associated with a name 1962-
906 ## - LOCAL DATA ELEMENT F, LDF (RLIN)
a 7
b cbc
c copycat
d 2
e ncip
f 20
g y-genrareb
942 ## - ADDED ENTRY ELEMENTS (KOHA)
Source of classification or shelving scheme Dewey Decimal Classification
Koha item type Books
Suppress in OPAC No
999 ## -
-- 1106
-- 1106
Holdings
Withdrawn status Lost status Source of classification or shelving scheme Damaged status Not for loan Collection Home library Current library Shelving location Date acquired Total Checkouts Full call number Barcode Date last seen Date last checked out Price effective from Koha item type
    Dewey Decimal Classification     Juvenile Fiction Footprints International School Library Network Toul Kork Campus Footprints International School Library Network Toul Kork Campus   07/31/2023 1 DAD Fic PZ7.D128 FISBK00557 02/28/2024 01/05/2024 07/31/2023 Books